Представление документа в формате RUSMARC

ПолеНазваниеЗначение
  Тип записи a
  Библиографический уровень a
001 Контрольный номер RU/CBS_Ul/BASE/500727114
005 Дата корректировки 20240209175152.8
100 Данные общей обработки __
a Данные общей обработки 20151113d2015 ||| 0rusy0189 ca
101 Язык документа 0_
a Язык текста rus
102 Страна публикации __
a Страна публикации RU
105 Кодированные данные (монография) __
a Кодированные данные (монография) y###||||000|y
200 Заглавие и сведения об ответственности 1_
a Заглавие Конкурсы профессионального мастерства: региональный опыт
b Общее обозначение материала Текст
f Первые сведения об ответственности С. Мамаева
300 Общие примечания __
a Общие примечания Ограничения по возрасту - 12+
461 Уровень набора _0
1 2000
a Современная библиотека
463 Уровень физической единицы _0
1 001RU/CBS_Ul/BASE/500720242
1 2000
a № 3
v С. 10-14
1 210
d 2013
606 Тематические рубрики 0_
a Основная рубрика Библиотечное дело - Конкурсы
610 Ключевые слова 0_
a Ключевые слова библиотечное дело
610 Ключевые слова 0_
a Ключевые слова профессиональные конкурсы
610 Ключевые слова 0_
a Ключевые слова библиотеки
610 Ключевые слова 0_
a Ключевые слова профессиональное мастерство
610 Ключевые слова 0_
a Ключевые слова Библиотекарь года (конкурсы)
610 Ключевые слова 0_
a Ключевые слова региональный опыт
686 Индексы других классификаций __
a Классификационный индекс 78.342
2 Код системы ББК
700 Автор _1
a Фамилия Мамаева
b Имя (инициалы) С.
801 Источник записи _0
a Страна RU
b Организация МБУК ЦБС г. Ульяновска
c Дата составления 20151113
g Правила каталогизации RCR
801 Источник записи _1
a Страна RU
b Организация МБУК ЦБС г. Ульяновска
c Дата составления 20151113
g Правила каталогизации RCR
901 Тип документа __
t Тип документа b
w Контрольный № источника RU/CBS_Ul/BASE/500720247
910 Корректоры записи __
a Корректор записи Ильина
938 Служебная информация __
a Имя БД period